Bharatiya sangeet ka itihas (Record no. 91257)

MARC details
000 -LEADER
fixed length control field 00391nam a2200157Ia 4500
008 - FIXED-LENGTH DATA ELEMENTS--GENERAL INFORMATION
fixed length control field 230917s9999||||xx |||||||||||||| ||und||
020 ## - ISBN
Price RS300
040 ## - CATALOGING SOURCE
-- 23868
Original cataloging agency VIVEKANANDA LIBRARY
041 ## - Language
-- English
082 ## - DDC NUMBER
Classification number 780.954 S64B
100 ## - MAIN ENTRY--PERSONAL NAME
Personal name Singh, Thakur Jaidev
245 #0 - TITLE STATEMENT
Title Bharatiya sangeet ka itihas
260 ## - PUBLICATION, DISTRIBUTION, ETC. (IMPRINT)
Place of publication, distribution, etc Calcutta
Name of publisher, distributor, etc Sangeet Research Academy
Date of publication, distribution, etc 1994
300 ## - PHYSICAL DESCRIPTION
Pages 406 p.
942 ## - ADDED ENTRY ELEMENTS (KOHA)
Koha item type Books
Holdings
Withdrawn status Lost status Damaged status Not for loan Location (home branch) Sublocation or collection (holding branch) Date acquired Koha issues (times borrowed) Koha full call number Accession No. Koha date last seen Koha item type
        VIVEKANANDA LIBRARY VIVEKANANDA LIBRARY 08/08/2002   780.954 S64B 172178 17/09/2023 Books
© Designed and Maintained by Vivekananda Library, MDU Rohtak